书目信息 |
| 题名: |
图解《施工脚手架通用规范》GB 55023-2022
|
|
| 作者: | 臧耀帅 , 杨秀香 编著 | |
| 分册: | ||
| 出版信息: | 北京 中国建筑工业出版社 2024.11 |
|
| 页数: | 58页 | |
| 开本: | 21cm | |
| 丛书名: | 全文强制性标准图解丛书 | |
| 单 册: | ||
| 中图分类: | TU731.2-65 | |
| 科图分类: | ||
| 主题词: | 建筑施工--jian zhu shi gong--脚手架--建筑规范--中国--图解 | |
| 电子资源: | ||
| ISBN: | 978-7-112-30323-6 | |
| 000 | 01202nam 2200277 450 | |
| 001 | 94064 | |
| 005 | 20250819201921.10 | |
| 010 | @a978-7-112-30323-6@dCNY38.00 | |
| 100 | @a20241218d2024 em y0chiy50 ea | |
| 101 | 0 | @achi |
| 102 | @aCN@b110000 | |
| 105 | @aa z 000yy | |
| 106 | @ar | |
| 200 | 1 | @a图解《施工脚手架通用规范》GB 55023-2022@Atu jie 《 shi gong jiao shou jia tong yong gui fan 》GB 55023-2022@f臧耀帅, 杨秀香编著 |
| 210 | @a北京@c中国建筑工业出版社@d2024.11 | |
| 215 | @a58页@c彩图@d21cm | |
| 225 | 2 | @a全文强制性标准图解丛书@Aquan wen qiang zhi xing biao zhun tu jie cong shu |
| 330 | @a本书以《施工脚手架通用规范》GB55023-2022为基础进行精心编纂, 并通过大量三维图示、三维动画和三维模型的演示来加强理论与实践的结合, 旨在为读者学习、应用该规范提供参考。 | |
| 410 | 0 | @12001 @a全文强制性标准图解丛书 |
| 517 | 1 | @a《施工脚手架通用规范》GB 55023-2022@A《 shi gong jiao shou jia tong yong gui fan 》GB 55023-2022 |
| 606 | 0 | @a建筑施工@Ajian zhu shi gong@x脚手架@x建筑规范@y中国@j图解 |
| 690 | @aTU731.2-65@v5 | |
| 701 | 0 | @a臧耀帅@Azang yao shuai@4编著 |
| 701 | 0 | @a杨秀香@Ayang xiu xiang@4编著 |
| 801 | 0 | @aCN@c20250909 |
| 905 | @a河南城建学院图书馆@dTU731.2-65@eZ012@f1 | |
| 图解《施工脚手架通用规范》GB 55023-2022/臧耀帅, 杨秀香编著.-北京:中国建筑工业出版社,2024.11 |
| 58页:彩图;21cm.-(全文强制性标准图解丛书) |
| ISBN 978-7-112-30323-6:CNY38.00 |
| 本书以《施工脚手架通用规范》GB55023-2022为基础进行精心编纂, 并通过大量三维图示、三维动画和三维模型的演示来加强理论与实践的结合, 旨在为读者学习、应用该规范提供参考。 |
| ● |
| 相关链接 |
|
|
|
正题名:图解《施工脚手架通用规范》GB 55023-2022
索取号:TU731.2-65/Z012
 
预约/预借
| 序号 | 登录号 | 条形码 | 馆藏地/架位号 | 状态 | 备注 |
| 1 | 1627992 | 216279925 | 建筑库201/201建筑库 107排4列3层/ [索取号:TU731.2-65/Z012] | 在馆 |